000 00666nam a2200181Ia 4500
003 GCL
008 140319s9999 xx 000 0 ara d
040 _aGCL /
_cGCL
082 0 4 _a189
_bع د
100 1 _aعرفان عبدالحميد فتاح
245 1 0 _aدراسات فى الفكر العربى الاسلامى: ابحاث فى علم الكلام والتصوف والاستشراق والحركات الهدامة /
_cعرفان عبدالحميد فتاح
260 _a[S.N] :
_bدار الجيل ،
_c1991
300 _a422
490 _a
650 0 4 _aالفلسفة الاسلامية
650 0 4 _aالفكر الاسلامى
942 _2ddc
_cBK
999 _c53676
_d53676